At home in the cosmos / (Record no. 18824)

000 -LEADER
fixed length control field 00400cam a22001694i 4500
020 ## - INTERNATIONAL STANDARD BOOK NUMBER
ISBN 1570753415
040 ## - CATALOGING SOURCE
Transcribing agency DLC
082 00 - DEWEY DECIMAL CLASSIFICATION NUMBER
Classification number 231 GRE 1991 C153 Or.
100 1# - MAIN ENTRY--AUTHOR NAME
Personal name Toolan, David
245 10 - TITLE STATEMENT
Title At home in the cosmos /
300 ## - PHYSICAL DESCRIPTION
Number of Pages xiii, 257 pages ;
Dimensions 24 cm
650 #0 - SUBJECT ADDED ENTRY--TOPICAL TERM
Topical Term Human ecology
650 #0 - SUBJECT ADDED ENTRY--TOPICAL TERM
Topical Term Nature
650 #0 - SUBJECT ADDED ENTRY--TOPICAL TERM
Topical Term Environmental ethics
650 #0 - SUBJECT ADDED ENTRY--TOPICAL TERM
Topical Term Religion and science
942 ## - ADDED ENTRY ELEMENTS (KOHA)
Koha item type ADB
952 ## - LOCATION AND ITEM INFORMATION (KOHA)
Withdrawn status [LOCAL, KOHA] 0
Holdings
Koha item type Source of acquisition Lost status Permanent Location Current Location Date acquired Full call number
សៀវភៅភាសាអង់គ្លេសA32876 Library Block CLibrary Block C2020-01-28231 GRE 1991 C153 Or.
មជ្ឈមណ្ឌលឯការនៃសាកលវិទ្យាល័យភូមិន្ទកសិកម្មចំការដូង

Powered by Koha